000 00532nam a22001695i 4500
001 171479
003 ES-MaACL
005 20230906214638.0
008 090518s1952 sp |||| | spa d
100 1 _aSolá Escofet, Luis.
_9140196
245 1 0 _aFrancisco Moragas, maestro y apóstol de la previsión social.
250 _a3ª ed.
260 _aBarcelona :
_b[s.n.],
_c1952 (
_fImp. La Polígrafa)
300 _a62 p., 1 lám. ;
_c22 cm.
500 _aRetrato de D. Francisco Moragas.
852 _aES-MaACL
_j1982-F-17
_9R.34482
999 _c171479
_d171479